<?xml version="1.0" encoding="UTF-8"?><?xml-stylesheet type="text/xsl" href="static/style.xsl"?><OAI-PMH xmlns="http://www.openarchives.org/OAI/2.0/" xmlns:xsi="http://www.w3.org/2001/XMLSchema-instance" xsi:schemaLocation="http://www.openarchives.org/OAI/2.0/ http://www.openarchives.org/OAI/2.0/OAI-PMH.xsd"><responseDate>2026-06-03T03:10:50Z</responseDate><request verb="GetRecord" identifier="oai:riuma.uma.es:10630/35223" metadataPrefix="marc">https://riuma.uma.es/rest/oai/request</request><GetRecord><record><header><identifier>oai:riuma.uma.es:10630/35223</identifier><datestamp>2026-02-03T11:20:47Z</datestamp><setSpec>com_10630_2254</setSpec><setSpec>col_10630_37953</setSpec></header><metadata><record xmlns="http://www.loc.gov/MARC21/slim" xmlns:dcterms="http://purl.org/dc/terms/" xmlns:doc="http://www.lyncode.com/xoai" xmlns:xsi="http://www.w3.org/2001/XMLSchema-instance" xsi:schemaLocation="http://www.loc.gov/MARC21/slim http://www.loc.gov/standards/marcxml/schema/MARC21slim.xsd">
   <leader>00925njm 22002777a 4500</leader>
   <datafield ind2=" " ind1=" " tag="042">
      <subfield code="a">dc</subfield>
   </datafield>
   <datafield ind2=" " ind1=" " tag="720">
      <subfield code="a">Arredondo-Quijada, Rafael</subfield>
      <subfield code="e">author</subfield>
   </datafield>
   <datafield ind2=" " ind1=" " tag="720">
      <subfield code="a">Coelho, Raquel</subfield>
      <subfield code="e">author</subfield>
   </datafield>
   <datafield ind2=" " ind1=" " tag="260">
      <subfield code="c">2020</subfield>
   </datafield>
   <datafield ind2=" " ind1=" " tag="520">
      <subfield code="a">Desde la importancia de conocer y describir cómo se desarrolla la acción&#xd;
de protección hacia menores vulnerables y en conflicto, que a su vez suponen&#xd;
un sector de población clave para el desarrollo posterior de los países,&#xd;
surge una estancia postdoctoral en la Universidad Federal de Ceara (UFC).&#xd;
Cuyo resultado es la presente publicación, donde se comparan y contrastan&#xd;
dos realidades sociológicas muy diferentes, pero en lo que refiere al perfil&#xd;
de los menores no tan lejana. Una centrada en la comunidad autónoma de&#xd;
Andalucía (España), y la otra de Brasil en el estado de Ceará. Cuyo objetivo&#xd;
principal son los menores con algún tipo de medida judicial, que no conlleva&#xd;
el internamiento en un centro cerrado, sino en medio abierto.</subfield>
   </datafield>
   <datafield ind1="8" ind2=" " tag="024">
      <subfield code="a">Arredondo, R. y Coelho, R. (2020). A atención socioeducativa a menores infractores, dúas realidades lonxanas con perfis cercanos: Brasil e España. Revista Fervenzas nº 22, 69-82</subfield>
   </datafield>
   <datafield ind1="8" ind2=" " tag="024">
      <subfield code="a">https://hdl.handle.net/10630/35223</subfield>
   </datafield>
   <datafield tag="653" ind2=" " ind1=" ">
      <subfield code="a">Integración social</subfield>
   </datafield>
   <datafield tag="653" ind2=" " ind1=" ">
      <subfield code="a">Educación inclusiva</subfield>
   </datafield>
   <datafield tag="653" ind2=" " ind1=" ">
      <subfield code="a">Trabajo social</subfield>
   </datafield>
   <datafield tag="653" ind2=" " ind1=" ">
      <subfield code="a">Jóvenes delincuentes</subfield>
   </datafield>
   <datafield ind2="0" ind1="0" tag="245">
      <subfield code="a">A atención socioeducativa a menores infractores, dúas realidades lonxanas con perfis cercanos: Brasil e España.</subfield>
   </datafield>
</record>
</metadata></record></GetRecord></OAI-PMH>